Catálogo
 En Linea

Las izquierdas y el problema nacional / (Registro nro. 33572)

Detalles MARC
000 -CABECERA
campo de control de longitud fija 00828nam a2200217 a 4500
001 - NÚMERO DE CONTROL
campo de control 000034081
005 - FECHA Y HORA DE LA ÚLTIMA TRANSACCIÓN
campo de control 20200930070746.0
008 - DATOS DE LONGITUD FIJA--INFORMACIÓN GENERAL
campo de control de longitud fija 110914s2006 ag 000 0 spa d
020 ## - NÚMERO INTERNACIONAL ESTÁNDAR DEL LIBRO
Número Internacional Estándar del Libro 9789505564835
040 ## - FUENTE DE LA CATALOGACIÓN
Centro catalogador/agencia de origen DO-SdBNP
Lengua de catalogación spa
Centro/agencia transcriptor BNPHU
049 ## - FONDOS LOCALES (OCLC)
Fondos de biblioteca BNPD
100 1# - ENTRADA PRINCIPAL--NOMBRE DE PERSONA
Nombre de persona Puiggrós, Rodolfo,
Fechas asociadas al nombre 1906-1980.
9 (RLIN) 31702
245 13 - MENCIÓN DE TÍTULO
Título Las izquierdas y el problema nacional /
Mención de responsabilidad, etc. Rodolfo Puiggrós.
260 ## - PUBLICACIÓN, DISTRIBUCIÓN, ETC.
Lugar de publicación, distribución, etc. Buenos Aires, Argentina :
Nombre del editor, distribuidor, etc. Editorial Galerna,
Fecha de publicación, distribución, etc. 2006.
300 ## - DESCRIPCIÓN FÍSICA
Extensión 183 p. :
Otras características físicas il. ;
Dimensiones 23 cm.
490 1# - MENCIÓN DE SERIE
Mención de serie Historia crítica de los partidos políticos Argentinos
Designación de volumen o secuencia 3
490 1# - MENCIÓN DE SERIE
Mención de serie Biblioteca popular
-- Documentos
500 ## - NOTA GENERAL
Nota general Incluye referencias bibliográficas y notas al pie de las páginas
830 #0 - PUNTO DE ACCESO ADICIONAL DE SERIE-TÍTULO UNIFORME
Título uniforme Historia crítica de los partidos políticos Argentinos
Designación de volumen o secuencia 3
9 (RLIN) 59410
830 #0 - PUNTO DE ACCESO ADICIONAL DE SERIE-TÍTULO UNIFORME
Título uniforme Biblioteca popular
Nombre de parte o sección de la obra Documentos
9 (RLIN) 59411
Existencias
Estado de retiro Estado de pérdida Restricciones de uso No para préstamo Código de colección Localización permanente Ubicación/localización actual Ubicación en estantería Fecha de adquisición Número de inventario Total de préstamos Signatura topográfica completa Código de barras Fecha visto por última vez Precio válido a partir de Tipo de ítem Koha
      Excluido de préstamo Monografías: Libros y Folletos General General En catalogación 23.09.2011 LF1   34081-10 25.06.2020 25.06.2020 No se presta

Con tecnología Koha